[Event "Rheinland Pfalz op 4th"]
[Site "Altenkirchen"]
[Date "2012.06.09"]
[Round "6"]
[White "Jung, Mario"]
[Black "Liebminger, Alexander"]
[Result "1-0"]
[WhiteElo "1290"]
[BlackElo "848"]
[PlyCount "63"]
[EventDate "2012.06.07"]
[EventType "swiss"]
[EventRounds "7"]
[EventCountry "GER"]
[SourceTitle "CBM 148 Extra"]
[Source "ChessBase"]
[SourceDate "2012.06.22"]
[SourceVersion "1"]
[SourceVersionDate "2012.06.22"]
[SourceQuality "1"]

1. c4 e6 2. Nc3 c5 3. g3 Bd6 4. Bg2 Nc6 5. Nf3 b6 6. 0-0 Nf6 7. d3 0-0 8. Bg5 h6 9. Bxf6 Qxf6 10. Qc2 Bb7 11. Nd2 Nd4 12. Qd1 Bxg2 13. Kxg2 Rfe8 14. Nde4 Qe7 15. e3 Nf5 16. Qc2 Be5 17. a3 a5 18. Nb5 Rec8 19. Rfe1 Kh8 20. Rad1 Ra6 21. Nec3 Qg5 22. f4 Qf6 23. fxe5 Qxe5 24. Ne4 Rc6 25. Qf2 Kg8 26. Re2 d5 27. Nec3 dxc4 28. dxc4 Ra8 29. Rf1 g6 30. e4 Rf8 31. exf5 exf5 32. Rxe5 1-0

[Event "Rheinland Pfalz op 4th"]
[Site "Altenkirchen"]
[Date "2012.06.07"]
[Round "1"]
[White "Kappes, Dieter"]
[Black "Jung, Mario"]
[Result "1-0"]
[WhiteElo "2000"]
[BlackElo "1290"]
[PlyCount "95"]
[EventDate "2012.06.07"]
[EventType "swiss"]
[EventRounds "7"]
[EventCountry "GER"]
[SourceTitle "CBM 148 Extra"]
[Source "ChessBase"]
[SourceDate "2012.06.22"]
[SourceVersion "1"]
[SourceVersionDate "2012.06.22"]
[SourceQuality "1"]

1. e4 e6 2. d4 d5 3. Nd2 Nf6 4. e5 Nfd7 5. Bd3 c5 6. c3 Nc6 7. Ne2 cxd4 8. cxd4 Bb4 9. 0-0 f5 10. exf6 Nxf6 11. Nf3 Qe7 12. Bg5 Bd7 13. Ng3 0-0-0 14. Rc1 Kb8 15. Bf4+ Bd6 16. Qd2 Ka8 17. a3 Be8 18. Rfe1 Bxf4 19. Qxf4 Qd6 20. Qe3 Bh5 21. Nxh5 Nxh5 22. Qxe6 Nf4 23. Qxd6 Rxd6 24. Bf1 Re6 25. g3 Rxe1 26. Rxe1 Nh5 27. Bb5 Rf8 28. Kg2 Nf6 29. Rc1 Rc8 30. Ne5 Ne7 31. Rxc8+ Nxc8 32. Kf3 Nd6 33. Bd3 Kb8 34. Ke3 Kc7 35. h4 Kd8 36. g4 h6 37. f3 Ke7 38. Ng6+ Kf7 39. Nf4 g5 40. hxg5 hxg5 41. Nh3 Kg7 42. Nxg5 Kh6 43. Ne6 Nf7 44. Kf4 Nh7 45. Bxh7 Kxh7 46. Ng5+ Kg6 47. Nxf7 Kxf7 48. Ke5 1-0